000 01422cam a22002174a 4500
005 20250605163943.0
008 250528s ||||||||||||||||||||||||d
035 _a15115
020 _a446385077
040 _aGR-AtMCL
_bgre
_dGR-AtMCL
_eAACR2
245 1 _aIn Search of Excellence / Lessons from America's Best-Run Companies
260 _bWarner Books,
_c1984
300 _a360
505 0 _aAcknowledgements, Preface, Introduction, The Saving Remnant, Successful American Companies, Toward Ne Theory, The Rational Model, Man Waiting for Motivation, Back to Basics, Managing Ambiguity and Paradox, A Bias for Action, Close to the Customer, Autonomy and Entrepreneurship, Productivity Through People, Hands-On and Value Driven, Stick to the Knitting, Simple Form and Lean Staff, Simultaneous Loose-Tight Properties, Notes, Index.
520 _aAcknowledgements, Preface, Introduction, The Saving Remnant, Successful American Companies, Toward Ne Theory, The Rational Model, Man Waiting for Motivation, Back to Basics, Managing Ambiguity and Paradox, A Bias for Action, Close to the Customer, Autonomy and Entrepreneurship, Productivity Through People, Hands-On and Value Driven, Stick to the Knitting, Simple Form and Lean Staff, Simultaneous Loose-Tight Properties, Notes, Index.
700 1 _aPeters J. Thomas
_9963
700 1 _aWaterman H. Robert
_9964
942 _cBK
999 _c712
_d712